Astroprofessor (Record no. 655)

MARC details
000 -LEADER
fixed length control field 00893 a2200217 4500
008 - FIXED-LENGTH DATA ELEMENTS--GENERAL INFORMATION
fixed length control field 080820t xxu||||| |||| 00| 0 eng d
010 ## - LIBRARY OF CONGRESS CONTROL NUMBER
LC control number ENG-84887
020 ## - INTERNATIONAL STANDARD BOOK NUMBER
International Standard Book Number 8170820669
Terms of availability 175.00
035 ## - SYSTEM CONTROL NUMBER
System control number EN-68420
037 ## - SOURCE OF ACQUISITION
Source of stock number/acquisition D.B.Act / Pub
082 ## - DEWEY DECIMAL CLASSIFICATION NUMBER
Classification number 133.5
100 ## - MAIN ENTRY--PERSONAL NAME
Personal name Nair, V. S. Ramakrishnan
245 ## - TITLE STATEMENT
Title Astroprofessor
Statement of responsibility, etc by V. S. Ramakrishnan Nair
Remainder of title easy and scientific way to study and practice astrology
250 ## - EDITION STATEMENT
Edition statement 1st ed.
260 ## - PUBLICATION, DISTRIBUTION, ETC. (IMPRINT)
Place of publication, distribution, etc New Delhi
Name of publisher, distributor, etc Sagar Publications,
Date of publication, distribution, etc 2006
270 ## - ADDRESS
Address 72, Janpath, Ved Mansion
City New Delhi
State or province Delhi
Postal code 110001
Telephone number 23320648, 23328245
Electronic mail address sagarpub@del3.vsnl.net.in
300 ## - PHYSICAL DESCRIPTION
Extent xv, 286 p. ;
Dimensions 21 cm. (Pbk)
650 ## - SUBJECT ADDED ENTRY--TOPICAL TERM
Topical term or geographic name as entry element Astrology.
942 ## - ADDED ENTRY ELEMENTS (KOHA)
Institution code [OBSOLETE] dpl
Koha item type English Books
Call number prefix 133.5 / NAI
Source of classification or shelving scheme Dewey Decimal Classification
Classification part 133.5
Call number suffix NAI
Holdings
Withdrawn status Lost status Damaged status Not for loan Home library Current library Date acquired Cost, normal purchase price Total Checkouts Full call number Barcode Date last seen Copy number Uniform Resource Identifier Cost, replacement price Price effective from Koha item type
        D.B.Act.Division D.B.Act.Division 20/08/2008 175.00   133.5 NAI EN-68420 15/09/2008 1 640 175.00 15/09/2008 English Books

© Delhi Public Library
Hit Counter
free hit counter